Music Quiz

Random Music or Album Quiz

Taylor Swift Songs Quiz Stats

 Plays Quiz Updated Nov 10, 2017

Score 0/82 Timer 11:00
48 Plays Today
Album Song Name % Correct
RedRed
88.9%
FearlessFearless
87.1%
1989Blank Space
83.3%
ReputationLook What You Made Me Do
83%
FearlessLove Story
82%
Speak NowSpeak Now
79.8%
1989Shake it Off
78.9%
Reputation...Ready for It?
78.7%
FearlessYou Belong With Me
76.4%
ReputationEnd Game
76.2%
Taylor SwiftTeardrops on My Guitar
75.5%
Red22
75%
ReputationDelicate
74.3%
Taylor SwiftTim McGraw
74%
1989Style
73.9%
1989Welcome to New York
73.7%
RedI Knew You Were Trouble.
73.7%
Taylor SwiftOur Song
73.1%
Speak NowMine
72.6%
RedWe Are Never Ever Getting Back Together
72.1%
ReputationGorgeous
71.6%
1989Bad Blood
71.5%
ReputationNew Year's Day
71.3%
FearlessFifteen
69.9%
1989Out of the Woods
69.4%
Speak NowMean
69.3%
ReputationGetaway Car
68.9%
ReputationDress
68%
Album Song Name % Correct
FearlessWhite Horse
67.1%
1989Wildest Dreams
67%
ReputationCall It What You Want
66.4%
ReputationI Did Something Bad
66.3%
Speak NowBack To December
65.8%
Taylor SwiftPicture to Burn
64.9%
1989Clean
64.7%
ReputationKing of My Heart
63.5%
ReputationThis Is Why We Can't Have Nice Things
63.1%
Speak NowSparks Fly
62.5%
ReputationDon't Blame Me
62.3%
Speak NowDear John
62.1%
ReputationSo It Goes...
60.9%
ReputationDancing with Our Hands Tied
60.4%
RedBegin Again
59.7%
RedAll Too Well
59.4%
Speak NowEnchanted
58.8%
RedEverything Has Changed
58.4%
RedState of Grace
58.2%
FearlessHey Stephen
57.4%
RedStay Stay Stay
56.9%
Speak NowHaunted
56.3%
1989I Know Places
56.3%
1989All You Had to Do Was Stay
55.8%
1989How You Get the Girl
55.4%
FearlessChange
54.2%
FearlessForever and Always
53.9%
Speak NowLong Live
53.6%
Album Song Name % Correct
1989This Love
52.9%
Speak NowThe Story of Us
52.8%
RedTreacherous
52.5%
Taylor SwiftMary's Song
52.3%
Speak NowBetter Than Revenge
51.9%
Speak NowLast Kiss
51.7%
FearlessThe Best Day
51.6%
Taylor SwiftShould've Said No
51.1%
FearlessBreathe
50.8%
RedStarlight
50.5%
1989I Wish You Would
50.1%
RedThe Last Time
49.7%
Speak NowInnocent
49.7%
RedHoly Ground
49.4%
Speak NowNever Grow Up
48.4%
RedI Almost Do
47.2%
FearlessYou're Not Sorry
46.9%
RedThe Lucky One
46%
Taylor SwiftCold As You
44.3%
RedSad Beautiful Tragic
43.1%
Taylor SwiftStay Beautiful
42.4%
FearlessThe Way I Loved You
40.9%
FearlessTell Me Why
40.7%
Taylor SwiftTied Together With A Smile
40.5%
Taylor SwiftA Place In This World
38.4%
Taylor SwiftThe Outside
38%

You're not logged in!

Compare scores with friends on all Sporcle quizzes.
OR
Log In

Show Comments

Extras

Top Quizzes Today


Score Distribution

Your Account Isn't Verified!

In order to create a playlist on Sporcle, you need to verify the email address you used during registration. Go to your Sporcle Settings to finish the process.

Report this User

Report this user for behavior that violates our Community Guidelines.

Details: